[Event "4NCL/Div4/AD3 vs. SLO3 prelims"]
[Site "Telford ENG"]
[Date "2003.03.08"]
[Round "5.6"]
[White "Houska, Mario"]
[Black "Graham, Louis"]
[Result "1-0"]
[WhiteElo "1656"]
[BlackElo "1360"]
[PlyCount "31"]
[EventDate "2003.03.08"]

1. e4 e5 2. Nf3 Nc6 3. Bb5 a6 4. Bxc6 dxc6 5. O-O Bd6 6. d4 f6 7. dxe5 fxe5 8.
Nxe5 Bxe5 9. Qh5+ Kf8 10. Qxe5 Nf6 11. Bg5 Qe7 12. Bxf6 gxf6 13. Qf4 Kf7 14.
Nd2 Be6 15. Nf3 h6 16. Ne5+ 1-0

[Event "4NCL/Div4/NKN2 vs. HKF prelims"]
[Site "Telford ENG"]
[Date "2003.04.12"]
[Round "7.1"]
[White "Spencer, Douglas"]
[Black "Wilson, Jonathan"]
[Result "1/2-1/2"]
[WhiteElo "1847"]
[BlackElo "2310"]
[PlyCount "31"]
[EventDate "2003.04.12"]

1. d4 f5 2. Nc3 d5 3. e4 dxe4 4. f3 Nf6 5. Bc4 e6 6. fxe4 fxe4 7. Bg5 Nc6 8.
Nxe4 Be7 9. Bxf6 Bxf6 10. Nxf6+ Qxf6 11. Nf3 Bd7 12. O-O Qe7 13. Qe2 O-O-O 14.
c3 Rhf8 15. Ne5 Nxe5 16. Qxe5 1/2-1/2

[Event "4NCL/Div4/NKN2 vs. HKF prelims"]
[Site "Telford ENG"]
[Date "2003.04.12"]
[Round "7.2"]
[White "Adelaja, Abimbola"]
[Black "Smith, Olivia"]
[Result "1/2-1/2"]
[WhiteElo "2145"]
[BlackElo "1916"]
[PlyCount "92"]
[EventDate "2003.04.12"]

1. e4 e5 2. Bc4 Nc6 3. Nc3 Nf6 4. d3 Bc5 5. Nf3 d6 6. Na4 Bb6 7. O-O O-O 8. c3
Ne7 9. Re1 Ng6 10. Bb3 Ba5 11. Bc2 c5 12. Bd2 b5 13. b4 Bc7 14. Nb2 cxb4 15.
cxb4 d5 16. a4 bxa4 17. Nxa4 dxe4 18. dxe4 Bg4 19. Ra3 Nh5 20. Qc1 Nhf4 21. h3
Bxf3 22. Rxf3 h5 23. Kh2 h4 24. Nc5 Rc8 25. g3 Nh5 26. Bg5 Qd4 27. Qb1 a5 28.
Na6 axb4 29. Rd1 Qb6 30. Nxb4 hxg3+ 31. fxg3 Bd8 32. Be3 Qb7 33. Nd5 Qxb1 34.
Bxb1 Nf6 35. Rdf1 Rc4 36. Bd3 Ra4 37. Bc5 Ra2+ 38. R1f2 Rxf2+ 39. Rxf2 Re8 40.
Bb5 Re6 41. Re2 Nf8 42. g4 N8d7 43. Be3 Rd6 44. Nc3 Bb6 45. g5 Bxe3 46. Rxe3
Nh5 1/2-1/2

[Event "4NCL/Div4/NKN2 vs. HKF prelims"]
[Site "Telford ENG"]
[Date "2003.04.12"]
[Round "7.3"]
[White "Arnold, Chris"]
[Black "Ogunshula, Ben"]
[Result "0-1"]
[WhiteElo "1615"]
[BlackElo "2164"]
[PlyCount "34"]
[EventDate "2003.04.12"]

1. d4 Nf6 2. Nf3 g6 3. Nc3 d5 4. Bf4 Bg7 5. e3 O-O 6. Be2 c6 7. Ne5 Nfd7 8. h4
f6 9. Nxg6 hxg6 10. Bd3 f5 11. h5 Nf6 12. h6 Bh8 13. h7+ Nxh7 14. Rxh7 Kxh7 15.
Qf3 Bf6 16. O-O-O Kg7 17. Qg3 Be6 0-1

[Event "4NCL/Div4/NKN2 vs. HKF prelims"]
[Site "Telford ENG"]
[Date "2003.04.12"]
[Round "7.4"]
[White "Fowler, Simon"]
[Black "Tonks, Brian"]
[Result "1-0"]
[WhiteElo "2160"]
[BlackElo "1360"]
[PlyCount "65"]
[EventDate "2003.04.12"]

1. d4 g6 2. e4 Bg7 3. f4 d5 4. e5 h5 5. Nf3 Nh6 6. c4 c6 7. Nc3 Bg4 8. Be2 e6
9. Be3 Nd7 10. Qd2 Nf5 11. Bf2 Bf8 12. a3 Be7 13. b4 dxc4 14. Bxc4 Bxf3 15.
gxf3 Nb6 16. Bb3 Bh4 17. O-O-O Bxf2 18. Qxf2 Ne7 19. Ne4 Nbd5 20. Nd6+ Kf8 21.
Nxb7 Qc7 22. Na5 Nxf4 {{=} 23. Qd2 Nfd5 24. Kb2 Kg7 25. Rc1 Qb6 26. Rc5 Nf5 27.
Rhc1 Nde7 28. Ba4 Rhd8 29. R1c4 Rac8 30. Bxc6 Nxc6 31. Nxc6 Rxc6 32. Rxc6 Rxd4
33. Qg5 1-0

[Event "4NCL/Div4/NKN2 vs. HKF prelims"]
[Site "Telford ENG"]
[Date "2003.04.12"]
[Round "7.5"]
[White "Blackwell, Eric"]
[Black "Pym, Thomas W"]
[Result "0-1"]
[WhiteElo "1325"]
[BlackElo "1997"]
[PlyCount "70"]
[EventDate "2003.04.12"]

1. Nf3 Nf6 2. Nc3 d5 3. d4 e6 4. Bd2 b6 5. e3 Bb7 6. Be2 Bd6 7. Nb5 Be7 8. Nc3
O-O 9. Ne5 Ne4 10. Nxe4 dxe4 11. O-O c5 12. dxc5 Bxc5 13. b4 Be7 14. c3 Qc7 15.
Nc4 Rd8 16. Qc1 Ba6 17. Re1 Bxc4 18. Bg4 Nd7 19. f4 Nf6 20. Bd1 Qd6 21. Be2
Bxe2 22. Rxe2 Qd3 23. Qe1 Rac8 24. Rc1 Ne8 25. Qf2 Bf6 26. Be1 Bxc3 27. Bxc3
Rxc3 28. Rxc3 Qxc3 29. h3 Nf6 30. g4 g6 31. Qh4 Rd1+ 32. Kg2 Nd5 33. Qf2 Rd3
34. h4 Nxe3+ 35. Rxe3 Rxe3 {{time} 0-1

[Event "4NCL/Div4/ATH2 vs. SXM prelims"]
[Site "Telford ENG"]
[Date "2003.04.12"]
[Round "7.1"]
[White "McKeown, Paul"]
[Black "Almond, Richard"]
[Result "1/2-1/2"]
[WhiteElo "2043"]
[BlackElo "2171"]
[PlyCount "63"]
[EventDate "2003.04.12"]

1. e4 d5 2. exd5 Qxd5 3. Nc3 Qa5 4. Nf3 Nf6 5. Bc4 Bf5 6. O-O e6 7. d4 Bb4 8.
Bd2 c6 9. a3 Bxc3 10. Bxc3 Qc7 11. d5 cxd5 12. Bb5+ Nc6 13. Be5 Qb6 14. Nd4 Be4
15. c4 a6 16. c5 Qxc5 17. Rc1 Qb6 18. Bxc6+ bxc6 19. Rxc6 Qxb2 20. Bd6 Rd8 21.
Qa4 Nd7 22. Rfc1 Bd3 23. Nf3 Bb5 24. Qh4 Qf6 25. Rc8 Qxh4 26. Nxh4 Nf6 27. Nf3
Ne4 28. Bb4 Bc4 29. Rxd8+ Kxd8 30. Ne5 Ng5 31. Nxc4 dxc4 32. Rxc4 1/2-1/2

[Event "4NCL/Div4/ATH2 vs. SXM prelims"]
[Site "Telford ENG"]
[Date "2003.04.12"]
[Round "7.2"]
[White "Linford, Charles M"]
[Black "Pedersen, Carsten"]
[Result "0-1"]
[WhiteElo "2185"]
[BlackElo "1944"]
[PlyCount "164"]
[EventDate "2003.04.12"]

1. e4 e6 2. d4 d5 3. Nd2 c5 4. exd5 Qxd5 5. Ngf3 cxd4 6. Bc4 Qd6 7. O-O Nf6 8.
Nb3 Nc6 9. Nbxd4 Nxd4 10. Nxd4 a6 11. Re1 Qc7 12. Bb3 Bd6 13. Nf5 Bxh2+ 14. Kh1
O-O 15. Nxg7 Kxg7 16. Qd4 e5 17. Qh4 Ng4 18. Bh6+ Nxh6 19. Qg5+ Kh8 20. Qxh6
Qe7 21. Kxh2 f6 22. f4 Bf5 23. Re3 Rad8 24. Rae1 e4 25. Rg3 Rd2 26. Ree3 Rd6
27. Re2 Re8 28. c4 Rd4 29. Qh5 Qd7 30. c5 Rf8 31. Qh6 Qe7 32. a3 Rfd8 33. Bc2
Rf8 34. b4 Rd7 35. Bxe4 Bxe4 36. Rxe4 Qf7 37. f5 Rd5 38. Qh3 Qd7 39. Qg4 Qf7
40. Re6 Re5 41. Rb6 a5 42. Rb5 axb4 43. axb4 Rfe8 44. Rd3 Re4 45. Qf3 Qc4 46.
Rxb7 Rh4+ 47. Kg1 Qc1+ 48. Rd1 Re1+ 49. Rxe1 Qxe1+ 50. Qf1 Rh1+ 51. Kxh1 Qxf1+
52. Kh2 Qf4+ 53. Kg1 h5 54. Kh1 h4 55. Rf7 Qxb4 56. c6 Qe1+ 57. Kh2 Qg3+ 58.
Kh1 h3 59. gxh3 Qxh3+ 60. Kg1 Qg3+ 61. Kf1 Qf3+ 62. Ke1 Qxc6 63. Re7 Qc5 64.
Re2 Qxf5 65. Rg2 Qh3 66. Kf2 Qf5+ 67. Ke1 Kh7 68. Ke2 Kh6 69. Ke3 Qe5+ 70. Kf3
f5 71. Re2 Qd4 72. Re3 Kg5 73. Re2 Qg4+ 74. Kf2 Kf4 75. Re3 Qh4+ 76. Ke2 Qh2+
77. Kd3 Qb2 78. Re1 Kf3 79. Rf1+ Kg2 80. Rf4 Qe5 81. Rb4 Qd6+ 82. Kc3 Qxb4+ 0-1

[Event "4NCL/Div4/ATH2 vs. SXM prelims"]
[Site "Telford ENG"]
[Date "2003.04.12"]
[Round "7.3"]
[White "Gostelow, David W"]
[Black "Fryer, David"]
[Result "1-0"]
[WhiteElo "1944"]
[BlackElo "2058"]
[Annotator "Mark Hogarth"]
[PlyCount "73"]
[EventDate "2003.04.12"]

1. d4 g6 2. Nf3 Bg7 3. Bf4 c6 4. e3 d6 5. Be2 h5 6. c4 Nd7 7. Nc3 e5 8. dxe5
dxe5 9. Bg5 f6 10. Qc2 Kf7 11. Ne4 Qe7 12. O-O-O fxg5 13. Nexg5+ Kf8 14. Qxg6
Ngf6 15. Nh4 Nc5 16. Qc2 (16. Rd8+ Ne8 17. Qxe8+ Qxe8 18. Ng6+ Kg8 19. Rxe8+
Bf8 20. Rxf8+ Kg7 21. Rxh8 Kxg6 22. Rg8+) 16... Qe8 17. Ng6+ Kg8 18. Nxh8 Kxh8
19. Rd8 Qxd8 20. Nf7+ Kg8 21. Nxd8 Bd7 22. b4 Nce4 23. Nxb7 Bf5 24. Bd3 Nxf2
25. Bxf5 Nxh1 26. Be6+ Kh8 27. Nd6 e4 28. Nxe4 Re8 29. Nxf6 Bxf6 30. Qf5 Kg7
31. e4 Rxe6 32. Qxe6 Nf2 33. Kd2 Ng4 34. Qxc6 Ne5 35. Qb7+ Kg6 36. c5 h4 37. c6
1-0

[Event "4NCL/Div4/ATH2 vs. SXM prelims"]
[Site "Telford ENG"]
[Date "2003.04.12"]
[Round "7.4"]
[White "de Mooi, Connagh-Joseph"]
[Black "Seymour, Timothy P"]
[Result "0-1"]
[WhiteElo "1720"]
[BlackElo "1688"]
[PlyCount "60"]
[EventDate "2003.04.12"]

1. e4 d5 2. exd5 Nf6 3. Bb5+ Bd7 4. Be2 Nxd5 5. d4 Bf5 6. Nf3 e6 7. a3 c5 8.
Bb5+ Nd7 9. O-O a6 10. Bxd7+ Qxd7 11. c4 Nb6 12. dxc5 Bxc5 13. Qxd7+ Nxd7 14.
b4 Be7 15. Bb2 O-O 16. Nbd2 Rfc8 17. Rac1 a5 18. c5 axb4 19. axb4 b6 20. c6 Nb8
21. b5 Bd3 22. Nc4 Bxc4 23. Rxc4 Nd7 24. Rfc1 Nc5 25. Ne5 Ra5 26. Rxc5 Bxc5 27.
Rxc5 bxc5 28. b6 Rb5 29. b7 Rxc6 30. Nxc6 Rxb7 0-1

[Event "4NCL/Div4/ATH2 vs. SXM prelims"]
[Site "Telford ENG"]
[Date "2003.04.12"]
[Round "7.5"]
[White "Doughty, Nathan"]
[Black "Barraclough, David"]
[Result "0-1"]
[WhiteElo "1600"]
[BlackElo "1640"]
[PlyCount "92"]
[EventDate "2003.04.12"]

1. e4 d6 2. b3 Nf6 3. Nc3 g6 4. Bc4 Bg7 5. d4 c5 6. dxc5 Nxe4 7. Nxe4 Bxa1 8.
Bg5 Bg7 9. Nxd6+ Kf8 10. Nxf7 Bc3+ 11. Bd2 Qxd2+ 12. Qxd2 Bxd2+ 13. Kxd2 Rg8
14. Nf3 Rg7 15. Rd1 Rxf7 16. Ke1 Nc6 17. Bxf7 Kxf7 18. c3 Bf5 19. b4 Rd8 20. b5
Rxd1+ 21. Kxd1 Nd8 22. Nd4 Ne6 23. Nxf5 gxf5 24. b6 axb6 25. cxb6 Nc5 26. Kd2
Na4 27. Kd3 Ke6 28. Kd4 Kd6 29. c4 e5+ 30. Kd3 Kc5 31. g4 fxg4 32. Ke4 Kd6 33.
Kf5 Nxb6 34. c5+ Kxc5 35. Kxe5 Nc4+ 36. Kf4 Kd5 37. Kxg4 Nd6 38. f4 Ke6 39. Kg5
Nf7+ 40. Kg4 Kf6 41. h3 Kg6 42. a4 b6 43. Kf3 Kf5 44. Ke3 Nd6 45. Kd4 Ke6 46.
f5+ Nxf5+ 0-1

[Event "4NCL/Div4/ATH2 vs. SXM prelims"]
[Site "Telford ENG"]
[Date "2003.04.12"]
[Round "7.6"]
[White "Eichner, Daniel"]
[Black "Aniecko, Colin"]
[Result "1-0"]
[WhiteElo "1328"]
[BlackElo "1512"]
[PlyCount "100"]
[EventDate "2003.04.12"]

1. e4 e6 2. d4 d5 3. exd5 exd5 4. Nf3 Nc6 5. Nc3 Nf6 6. Bb5 Qe7+ 7. Qe2 Qxe2+
8. Nxe2 Bd7 9. O-O O-O-O 10. Re1 Nb4 11. Bd3 Nxd3 12. cxd3 Bf5 13. Nc3 Bd6 14.
Bg5 c6 15. Ne5 Be6 16. h3 h6 17. Bd2 Rde8 18. Re2 Nd7 19. Rae1 f6 20. Ng6 Bf7
21. Nxh8 Rxh8 22. g3 Nf8 23. Na4 b6 24. b3 Kd7 25. f4 Ne6 26. Bc3 b5 27. Nc5+
Nxc5 28. dxc5 Bxc5+ 29. d4 Bd6 30. Kf2 Rg8 31. g4 f5 32. Bd2 fxg4 33. hxg4 Rh8
34. Rh1 Bg6 35. f5 Bf7 36. g5 c5 37. dxc5 Bxc5+ 38. Be3 d4 39. Rd2 Bd5 40. Bxd4
Bxh1 41. Bxc5+ Kc6 42. gxh6 Kxc5 43. hxg7 Rg8 44. f6 Bd5 45. Rxd5+ Kxd5 46. f7
Rxg7 47. f8=Q Rd7 48. Qf5+ Kc6 49. Qe6+ Rd6 50. Qc8+ Kd5 1-0

[Event "4NCL/Div4/AD3 vs. WGR3 prelims"]
[Site "Telford ENG"]
[Date "2003.04.12"]
[Round "7.1"]
[White "Whitmore, Darren"]
[Black "Watson, Ron"]
[Result "0-1"]
[WhiteElo "1704"]
[BlackElo "2248"]
[PlyCount "94"]
[EventDate "2003.04.12"]

1. e4 e6 2. d4 d5 3. e5 c5 4. c3 Nc6 5. Be3 Qb6 6. Qd2 Bd7 7. dxc5 Bxc5 8. Bxc5
Qxc5 9. Nf3 Nge7 10. Bd3 Ng6 11. Bxg6 hxg6 12. b4 Qb6 13. a4 Qc7 14. Qe3 Rc8
15. Na3 a6 16. O-O Ne7 17. Nb1 Nc6 18. Nbd2 f6 19. b5 Nxe5 20. Nxe5 Qxe5 21.
Qxe5 fxe5 22. bxa6 bxa6 23. Rfe1 Rxc3 24. Rxe5 Rh5 25. Ree1 Ke7 26. Reb1 Rh4
27. Rb7 Kd6 28. g3 Rd4 29. Nb3 Rxa4 30. Rxd7+ Kxd7 31. Rxa4 Rxb3 32. Rxa6 d4
33. Ra7+ Kd6 34. Rxg7 d3 35. Rg8 Kd5 36. f3 Kd4 37. Re8 Kc3 38. Rc8+ Kd2 39.
Kf2 Rb2 40. h4 Rc2 41. Rd8 Kd1+ 42. Kf1 d2 43. Ra8 Rc1 44. Ra2 Rb1 45. Kg2 Ke1
46. Rxd2 Kxd2 47. g4 Ke3 0-1

[Event "4NCL/Div4/AD3 vs. WGR3 prelims"]
[Site "Telford ENG"]
[Date "2003.04.12"]
[Round "7.2"]
[White "Savage, Ben D"]
[Black "Rea, Bill"]
[Result "1-0"]
[WhiteElo "2182"]
[BlackElo "1656"]
[PlyCount "109"]
[EventDate "2003.04.12"]

1. d4 d5 2. Nf3 Nf6 3. e3 c6 4. Bd3 Bg4 5. b3 Nbd7 6. Bb2 Ne4 7. Nbd2 Nxd2 8.
Qxd2 Bxf3 9. gxf3 e6 10. c4 a5 11. a3 Nf6 12. Rc1 g6 13. Qc2 Bh6 14. f4 Ng4 15.
h4 f5 16. Be2 Nf6 17. Bf3 Ne4 18. Bxe4 fxe4 19. Qd1 Qf6 20. Qg4 Qf5 21. Rg1
Qxg4 22. Rxg4 Kf7 23. Kd2 Bf8 24. Rcg1 Rg8 25. h5 a4 26. hxg6+ Rxg6 27. Rxg6
hxg6 28. Kc2 axb3+ 29. Kxb3 dxc4+ 30. Kxc4 Bxa3 31. Ra1 b5+ 32. Kb3 b4 33. Bxa3
bxa3 34. Rxa3 Rxa3+ 35. Kxa3 Ke7 36. Kb4 Kd7 37. Ka5 Kd6 38. Kb6 Kd5 39. Kc7 c5
40. dxc5 Kxc5 41. Kd7 Kd5 42. Ke7 e5 43. Kf6 exf4 44. exf4 Kd4 45. Kxg6 Kd3 46.
f5 Ke2 47. f6 Kxf2 48. f7 e3 49. f8=Q+ Ke1 50. Qb4+ Ke2 51. Kf5 Kf2 52. Qf4+
Ke2 53. Ke4 Kd2 54. Qxe3+ Kd1 55. Qf2 1-0

[Event "4NCL/Div4/AD3 vs. WGR3 prelims"]
[Site "Telford ENG"]
[Date "2003.04.12"]
[Round "7.3"]
[White "Pohribnyj, Chris"]
[Black "Maduekwe, Chiedu"]
[Result "1/2-1/2"]
[WhiteElo "1600"]
[BlackElo "2140"]
[PlyCount "126"]
[EventDate "2003.04.12"]

1. d4 d5 2. c4 c6 3. Nf3 Nf6 4. Nc3 e6 5. e3 Nbd7 6. Bd3 dxc4 7. Bxc4 b5 8. Bd3
Bb7 9. e4 a6 10. e5 Nd5 11. Nxd5 cxd5 12. Bd2 Be7 13. Rc1 Rc8 14. O-O h6 15.
Rxc8 Qxc8 16. Qc1 Nb6 17. b3 Qxc1 18. Rxc1 Kd7 19. Ba5 Rc8 20. Rxc8 Nxc8 21.
Bc3 Ba3 22. Kf1 Ne7 23. Ke2 Nc6 24. h3 Be7 25. Ne1 Bd8 26. f4 Bb6 27. Nf3 f6
28. Kd1 fxe5 29. fxe5 Ke7 30. Ke2 Bc8 31. Kd1 Bd7 32. Bg6 Be8 33. Bxe8 Kxe8 34.
Ke2 Kf7 35. Ke3 Bd8 36. Kf4 Kg6 37. g4 Bc7 38. h4 h5 39. Kg3 b4 40. Bb2 Na7 41.
Ng1 Nb5 42. Ne2 hxg4 43. Kxg4 Bd8 44. Nf4+ Kf7 45. Ne2 Ba5 46. Kf3 Kg6 47. Kg4
Nc3 48. Nf4+ Kf7 49. a3 Nd1 50. axb4 Bxb4 51. Ba1 Nf2+ 52. Kf3 Ne4 53. Nd3 Be7
54. Kg4 a5 55. Bb2 Nd2 56. Nc1 Bb4 57. Kh5 g6+ 58. Kg4 Ne4 59. Ne2 Be1 60. h5
Nf2+ 61. Kg5 Bd2+ 62. Kh4 Nd3 63. Ba3 Be1+ 1/2-1/2

[Event "4NCL/Div4/AD3 vs. WGR3 prelims"]
[Site "Telford ENG"]
[Date "2003.04.12"]
[Round "7.4"]
[White "Hillman, Jamie O"]
[Black "Beasley, Stephen"]
[Result "1-0"]
[WhiteElo "2045"]
[BlackElo "1600"]
[PlyCount "69"]
[EventDate "2003.04.12"]

1. e4 g6 2. d4 d6 3. f4 Bg7 4. Nf3 Nd7 5. c4 c5 6. d5 Ngf6 7. Nc3 O-O 8. Bd3
Qc7 9. O-O a6 10. Qe2 Re8 11. h3 Nh5 12. Qe1 Nf8 13. g4 Nf6 14. Qh4 e6 15. Bd2
exd5 16. exd5 Bd7 17. Rae1 Rxe1 18. Nxe1 Re8 19. f5 Qd8 20. g5 Nh5 21. f6 Bh8
22. Be2 Bf5 23. Bxh5 gxh5 24. Rxf5 Ng6 25. Qxh5 Qd7 26. Rf2 Ne5 27. Rf4 Ng6 28.
Re4 Re5 29. Qg4 Qe8 30. Nf3 Rxe4 31. Qxe4 Qd7 32. Qg4 Qe8 33. h4 Ne5 34. Nxe5
Qxe5 35. Qc8+ 1-0

[Event "4NCL/Div4/AD3 vs. WGR3 prelims"]
[Site "Telford ENG"]
[Date "2003.04.12"]
[Round "7.5"]
[White "Graham, Louis"]
[Black "Cutmore, Martin J"]
[Result "0-1"]
[WhiteElo "1360"]
[BlackElo "1896"]
[PlyCount "88"]
[EventDate "2003.04.12"]

1. d4 Nf6 2. Nf3 c5 3. c3 e6 4. Bg5 cxd4 5. cxd4 Qb6 6. Qc2 Nc6 7. e3 Be7 8. a3
d5 9. Bd3 Bd7 10. Nc3 Rc8 11. O-O h6 12. Bh4 O-O 13. Ne5 Qd8 14. Nxd7 Qxd7 15.
Rac1 a6 16. Qd2 Na5 17. Qe2 Nc4 18. Rb1 Nxa3 19. Rbc1 Nc4 20. Bxc4 Rxc4 21.
Rfd1 Rfc8 22. Qd2 b5 23. f3 b4 24. Ne2 a5 25. Bg3 a4 26. Rxc4 Rxc4 27. Ra1 Qc6
28. Qd1 Rc2 29. Nc3 Rxb2 30. Nxa4 Rc2 31. Nc5 Rc3 32. Be1 Rc4 33. Qb3 Bxc5 34.
dxc5 Qxc5 35. Rb1 Rc1 36. Rxc1 Qxc1 37. Kf2 d4 38. exd4 Qf4 39. Qxb4 Ng4+ 40.
Ke2 Qe3+ 41. Kd1 Qd3+ 42. Kc1 Ne3 43. Qa4 Nxg2 44. Bd2 Qxf3 0-1

[Event "4NCL/Div4/AD3 vs. WGR3 prelims"]
[Site "Telford ENG"]
[Date "2003.04.12"]
[Round "7.6"]
[White "Cutmore, David M"]
[Black "Moore, Kevin J"]
[Result "1-0"]
[WhiteElo "1848"]
[BlackElo "1128"]
[PlyCount "39"]
[EventDate "2003.04.12"]

1. d4 Nf6 2. c4 e6 3. Nc3 Bb4 4. f3 d5 5. a3 Be7 6. e4 dxe4 7. fxe4 c5 8. d5
O-O 9. Nf3 a6 10. Bd3 Nbd7 11. e5 Ne8 12. d6 Nxd6 13. exd6 Bxd6 14. Bxh7+ Kxh7
15. Qxd6 b6 16. O-O Nf6 17. Qg3 Nh5 18. Ng5+ Kg8 19. Qf3 Qc7 20. Qxh5 1-0

[Event "4NCL/Div4/SLO3 vs. MET prelims"]
[Site "Telford ENG"]
[Date "2003.04.12"]
[Round "7.1"]
[White "Milnes, Anthony"]
[Black "Noden, Nicolas"]
[Result "0-1"]
[WhiteElo "2115"]
[BlackElo "2196"]
[PlyCount "70"]
[EventDate "2003.04.12"]

1. e4 c5 2. Nc3 Nc6 3. f4 g6 4. Nf3 Bg7 5. Bb5 Nd4 6. O-O e6 7. d3 Ne7 8. Nxd4
cxd4 9. Ne2 O-O 10. Bc4 d5 11. Bb3 dxe4 12. dxe4 Qb6 13. Kh1 Bd7 14. c3 Bc6 15.
Bc2 dxc3 16. Nxc3 Rfd8 17. Qe1 Rac8 18. Rb1 Qb4 19. Bd2 Qc4 20. Be3 b5 21. a3
a6 22. Bb6 Rd6 23. Ba5 Bb7 24. Bb4 Rd7 25. Rf3 Qc7 26. Qh4 a5 27. Bxe7 Rxe7 28.
Bd3 b4 29. Nb5 Qd8 30. Rh3 Rd7 31. Qxh7+ Kf8 32. Bf1 Rd1 33. Rxd1 Qxd1 34. Kg1
Rc1 35. Rf3 Bxe4 0-1

[Event "4NCL/Div4/SLO3 vs. MET prelims"]
[Site "Telford ENG"]
[Date "2003.04.12"]
[Round "7.2"]
[White "Fogarasi, Norbert"]
[Black "Vaddadi, Seshagiri"]
[Result "1/2-1/2"]
[WhiteElo "2162"]
[BlackElo "2042"]
[PlyCount "110"]
[EventDate "2003.04.12"]

1. e4 c5 2. Nc3 e6 3. f4 d5 4. Bb5+ Bd7 5. Bxd7+ Qxd7 6. d3 Nc6 7. Nf3 Nf6 8.
O-O Be7 9. e5 Ng8 10. Kh1 f6 11. Qe1 Nh6 12. Ne2 Nf7 13. Qg3 fxe5 14. Nxe5
Nfxe5 15. fxe5 O-O-O 16. Bd2 g5 17. Rf7 Rdf8 18. Raf1 Rxf7 19. Rxf7 Qe8 20. Rf1
h5 21. Bxg5 h4 22. Qg4 Qg6 23. Rf6 Bxf6 24. Qxe6+ Kb8 25. Qd6+ Ka8 26. Qxf6 Qe8
27. Nf4 Rf8 28. Qd6 Nxe5 29. h3 Nf7 30. Qe7 Nxg5 31. Qxg5 Qe3 32. Qxh4 Qxf4 33.
Qxf4 Rxf4 34. g4 Rf2 35. g5 Rf5 36. h4 Rf4 37. Kg2 Rxh4 38. Kg3 Rh1 39. Kf4 Kb8
40. Ke5 d4 41. g6 Kc7 42. g7 Rg1 43. Kf6 Kd7 44. Kf7 b5 45. g8=Q Rxg8 46. Kxg8
Ke6 47. b3 c4 48. bxc4 bxc4 49. dxc4 Kd6 50. Kf7 Kc5 51. Ke6 Kxc4 52. a4 a5 53.
Ke5 Kc3 54. Kd5 Kxc2 55. Kxd4 Kb3 1/2-1/2

[Event "4NCL/Div4/SLO3 vs. MET prelims"]
[Site "Telford ENG"]
[Date "2003.04.12"]
[Round "7.3"]
[White "Varnam, Liam D"]
[Black "Dickson, George"]
[Result "0-1"]
[WhiteElo "2066"]
[BlackElo "2016"]
[PlyCount "70"]
[EventDate "2003.04.12"]

1. e4 d6 2. d4 Nf6 3. Nc3 g6 4. Nf3 Bg7 5. Be2 O-O 6. O-O Nc6 7. h3 e5 8. d5
Ne7 9. Bg5 h6 10. Be3 Kh7 11. Qd2 Nfg8 12. Nh2 f5 13. f3 Bd7 14. Rad1 Qe8 15.
Nb1 f4 16. Bf2 h5 17. c4 g5 18. c5 Qg6 19. Rc1 Rfc8 20. Na3 Nf6 21. Qd1 Kh8 22.
Nc4 g4 23. hxg4 hxg4 24. Nxg4 Bxg4 25. fxg4 Nxe4 26. Bd3 Nxf2 27. Rxf2 e4 28.
cxd6 cxd6 29. Bb1 b5 30. Rxf4 Rxc4 31. Rxc4 bxc4 32. Rxe4 Qg5 33. Qc2 Qh4 34.
Qe2 Rg8 35. Qe1 Bd4+ 0-1

[Event "4NCL/Div4/SLO3 vs. MET prelims"]
[Site "Telford ENG"]
[Date "2003.04.12"]
[Round "7.4"]
[White "Calvert, D Ian"]
[Black "Payne, Oliver R"]
[Result "1/2-1/2"]
[WhiteElo "2026"]
[BlackElo "2029"]
[PlyCount "123"]
[EventDate "2003.04.12"]

1. b3 d5 2. Bb2 Nf6 3. Nf3 g6 4. g3 Bg7 5. c4 c6 6. Bg2 O-O 7. O-O Nbd7 8. d3
Re8 9. cxd5 cxd5 10. Nc3 e5 11. e4 d4 12. Nb5 Nb8 13. a4 a6 14. Na3 Nc6 15. Nc4
Bg4 16. h3 Bxf3 17. Bxf3 Na5 18. Ba3 Nxc4 19. bxc4 Qd7 20. h4 Reb8 21. a5 b5
22. axb6 Rxb6 23. Qc2 h6 24. Rfb1 Rc6 25. Qb3 Rac8 26. Qb7 R8c7 27. Qa8+ Kh7
28. Bc1 Ra7 29. Qb8 Ne8 30. Rb2 Rc8 31. Qb4 Nd6 32. Rba2 Bf8 33. Qa4 Qe6 34.
Ba3 Nb7 35. Bxf8 Rxf8 36. Qb4 Rc8 37. Bd1 Nc5 38. Qd2 f5 39. exf5 gxf5 40. Ra5
Rac7 41. Bc2 f4 42. Kh2 Rf8 43. Rg1 fxg3+ 44. fxg3 Rcf7 45. Rg2 Qc6 46. Ra1 Rf3
47. Re1 Nd7 48. Bd1 R3f7 49. Bg4 Qf6 50. Bxd7 Rxd7 51. Qe2 {{=} Re7 52. Qe4+
Kg7 53. Rge2 Rfe8 54. Qd5 Qe6 55. Qxe6 Rxe6 56. Kg2 Kf7 57. g4 Rb6 58. Rf1+ Ke6
59. Rf5 Kd6 60. g5 hxg5 61. hxg5 {{=} Rb3 62. Ra2 1/2-1/2

[Event "4NCL/Div4/SLO3 vs. MET prelims"]
[Site "Telford ENG"]
[Date "2003.04.12"]
[Round "7.5"]
[White "Coddington, Oliver"]
[Black "Djabri, Zafer M"]
[Result "0-1"]
[WhiteElo "1776"]
[BlackElo "1864"]
[PlyCount "80"]
[EventDate "2003.04.12"]

1. d4 d5 2. Nf3 Nf6 3. g3 Bg4 4. Bg2 e6 5. O-O Bd6 6. Ne5 Bh5 7. c4 c6 8. f4
Nbd7 9. Qd2 Bg6 10. Nc3 Bb4 11. Nxg6 hxg6 12. e3 dxc4 13. Qe2 Nb6 14. Rd1 Nfd5
15. Bd2 Be7 16. a3 Bf6 17. Ne4 Na4 18. Bb4 Be7 19. Bxe7 Qxe7 20. Rac1 b5 21. b3
cxb3 22. Rxc6 O-O 23. Qxb5 Qxa3 24. Ra6 Ndb6 25. Nc5 b2 26. Nxa4 Nxa4 27. Qxa4
Qxe3+ 28. Kh1 Rab8 29. Qc2 Rfc8 30. Rc6 Rxc6 31. Bxc6 a5 32. d5 Qf3+ 33. Kg1
Qxd1+ 34. Qxd1 b1=Q 35. Qxb1 Rxb1+ 36. Kf2 exd5 37. Bxd5 a4 38. Ke2 Rb2+ 39.
Kd3 a3 40. Kc3 Rxh2 0-1

[Event "4NCL/Div4/SLO3 vs. MET prelims"]
[Site "Telford ENG"]
[Date "2003.04.12"]
[Round "7.6"]
[White "Kruszynski, Robert G"]
[Black "Johnson, Nigel A"]
[Result "1-0"]
[WhiteElo "1792"]
[BlackElo "1672"]
[PlyCount "120"]
[EventDate "2003.04.12"]

1. e4 d6 2. d4 e5 3. dxe5 dxe5 4. Qxd8+ Kxd8 5. Nc3 Bc5 6. Bg5+ f6 7. O-O-O+
Ke8 8. Bh4 Be6 9. Nd5 Bb6 10. Bc4 Bxd5 11. Bxd5 c6 12. Bc4 Nd7 13. Ne2 Rd8 14.
b4 Ne7 15. Kb2 Ng6 16. Bg3 Ke7 17. Bb3 a5 18. a3 Nb8 19. f4 exf4 20. Nxf4 Nxf4
21. Bxf4 Na6 22. c3 axb4 23. axb4 Rxd1 24. Rxd1 Bc7 25. g3 g5 26. Be3 Be5 27.
Kc2 h5 28. Bd4 Bxd4 29. cxd4 Nxb4+ 30. Kc3 Na6 31. e5 fxe5 32. Re1 e4 33. Rxe4+
Kf6 34. Re6+ Kf5 35. h3 h4 36. Re5+ Kf6 37. Re6+ Kg7 38. Re7+ Kf8 39. Rf7+ Ke8
40. g4 Rf8 41. Rxb7 Rf3+ 42. Kc4 Kd8 43. Rb6 Nc7 44. Rxc6 Rxh3 45. Rd6+ Ke7 46.
Rg6 Ne6 47. d5 Nf4 48. Rxg5 Rg3 49. Rf5 h3 50. Kc5 h2 51. d6+ Kd8 52. Rf8+ Kd7
53. Ba4+ Ke6 54. d7 h1=Q 55. d8=Q Rc3+ 56. Kb4 Nd5+ 57. Ka5 Rc5+ 58. Ka6 Nc7+
59. Kb6 Qc1 60. Qd7+ Ke5 1-0

[Event "4NCL/Div4/HKF vs. WGR3 final"]
[Site "Telford ENG"]
[Date "2003.04.13"]
[Round "8.1"]
[White "Summerscale, Aaron"]
[Black "Watson, Ron"]
[Result "1/2-1/2"]
[WhiteElo "2495"]
[BlackElo "2248"]
[Annotator "Mark Hogarth"]
[PlyCount "112"]
[EventDate "2003.04.13"]

1. d4 d5 2. c4 e6 3. Nc3 Nf6 4. cxd5 exd5 5. Bg5 Be7 6. e3 O-O 7. Bd3 c6 8. Qc2
Nbd7 9. Nge2 Re8 10. O-O Ne4 11. Bxe7 Qxe7 12. Rae1 Ndf6 13. f3 Nxc3 14. Nxc3
Be6 15. a3 Rad8 16. Na4 h6 17. Qc5 Qd7 18. Qc2 b6 19. Rc1 Qd6 20. Nc3 a5 21.
Na4 Rb8 22. Qf2 Nd7 23. Qg3 Qxg3 24. hxg3 Rec8 25. Kf2 c5 26. Bb5 Nf6 27. Rfd1
c4 28. Nc3 Rc7 29. e4 Rd8 30. e5 Nd7 31. Ba4 f6 32. Nb5 Rb7 33. Nd6 Rbb8 34. f4
fxe5 35. dxe5 Nc5 36. Bc6 Nd3+ 37. Rxd3 cxd3 38. Ke3 Kf8 39. Kxd3 Ke7 40. Ba4
Rxd6 41. exd6+ Kxd6 42. Rc6+ Ke7 43. Kd4 b5 44. Bb3 b4 45. a4 Rc8 46. Ra6 Rc1
47. Rxa5 Rb1 48. Rb5 Rxb2 49. Rxb4 Rxg2 50. a5 (50. Rb7+ Kf6 51. Rb6 $18) 50...
Bc8 51. Bxd5 Rxg3 52. Kc5 Ra3 53. Kb6 h5 54. Rc4 Kd8 55. Rd4 Ke7 56. Rc4 Kd8
1/2-1/2